| 000 | 00538nam a2200181Ia 4500 | ||
|---|---|---|---|
| 003 | GCL | ||
| 008 | 140319s9999 xx 000 0 ara d | ||
| 040 |
_aGCL / _cGCL |
||
| 082 | 0 | 4 |
_a891.7 _bد ل |
| 100 | 1 | _aدستوفيسكى، فيودور | |
| 245 | 1 | 0 |
_aلص امين وحلم العم / _cدستوفيسكى، فيودور |
| 700 | 1 | _aفاروق حلمى | |
| 300 | _a230 ص | ||
| 490 |
_aالالف كتاب _v0 |
||
| 650 | 0 | 4 | _aالادب الروسى |
| 650 | 0 | 4 | _aالقصص الروسية المترجمة |
| 942 |
_2ddc _cBK |
||
| 999 |
_c45336 _d45336 |
||